| 000 | 01468cam a22003977a 4500 | ||
|---|---|---|---|
| 001 | 16010489 | ||
| 003 | OSt | ||
| 005 | 20211119161742.0 | ||
| 008 | 091207s2010 gw a b 001 0 eng d | ||
| 010 | _a 2009942891 | ||
| 020 | _a9783642106804 (pbk. : alk. paper) | ||
| 035 | _a(OCoLC)ocn471802789 | ||
| 038 | _aKhadija | ||
| 040 |
_aBTCTA _beng _cBTCTA _dYDXCP _dBWX _dOHX _dHLS _dVRC _dHEBIS _dDLC |
||
| 042 | _alccopycat | ||
| 050 | 0 | 0 |
_aQA76.38 _b.Y364 2010 |
| 082 | 0 | 4 |
_a629.89 _222 _bYAN |
| 100 | 1 |
_aYang, Hao, _d1982- _984705 |
|
| 245 | 1 | 0 |
_aFault tolerant control design for hybrid systems / _cHao Yang, Bin Jiang, and Vincent Cocquempot. |
| 260 |
_aBerlin : _bSpringer, _cc2010. |
||
| 300 |
_axvi, 190 p. : _bill. ; _c24 cm. |
||
| 490 | 0 |
_aLecture notes in control and information sciences ; _v397 |
|
| 504 | _aIncludes bibliographical references (p. [183]-190) and index. | ||
| 563 | _aPB | ||
| 650 | 0 |
_aHybrid systems. _984706 |
|
| 650 | 0 |
_aFault tolerance (Engineering) _984707 |
|
| 650 | 0 |
_aControl theory. _984708 |
|
| 650 | 0 | 7 |
_aFehlertoleranz. _2swd _984709 |
| 650 | 0 | 7 |
_aReglerentwurf. _2swd _984710 |
| 650 | 0 | 7 |
_aHybrides System. _2swd _984711 |
| 700 | 1 |
_aJiang, Bin, _d1966- _984712 |
|
| 700 | 1 |
_aCocquempot, Vincent. _984713 |
|
| 906 |
_a7 _bcbc _ccopycat _d2 _encip _f20 _gy-gencatlg |
||
| 942 |
_2ddc _cBK |
||
| 999 |
_c33190 _d33190 |
||